Les noms, surnoms et titres de Luffy dans One Piece - Statistiques

Statistiques générales
  • Ce quiz a été pris 53 fois
  • Le résultat moyen est 11 sur 19
Statistiques - réponses
Indication Surnom % Correct
Son nom complet Monkey D.Luffy
100%
Titre de Luffy au sein de son équipage Capitaine
98%
Son surnom le plus courant, sous lequel le monde entier le connaît Luffy au Chapeau de Paille
95%
Titre que Luffy a acquis après l'arc Wano Empereur
82%
Pseudonyme sous lequel Luffy a combattu au Corrida Colisseum, encore utilisé par Rebecca aujourd'hui Lucy
80%
Cetains personnages l'ont appelé comme ça lorsqu'ils ont vu sa transformation en Gear 5 Nika
75%
Nom d'un personnage énigmatique de One Piece, donné à Luffy par Zunesh Joy Boy
73%
En tant que membre de la génération terrible, il en est un Supernova
73%
Surnom affectueux par lequel Ace appelle Luffy Petit frère
61%
Surnom par lequel Luffy se présentait lorsqu'il s'est infiltré à Wano Luffytaro
55%
Surnom qui lui a parfois été donné, en référence à son pouvoir de Fruit du Démon Homme élastique
48%
Surnom attribué à Luffy après l'arc de Whole Cake Island Le cinquième Empereur
41%
Surnom que Leo et les Tontattas donnent à Luffy Luffy-land
41%
Surnom par lequel Bonclay appelait affectueusement Luffy à Impel Down Ma petite paille
39%
Surnom affectueux par lequel Tama appelle Luffy Grand frère
34%
Surnom respecteux par lequel Bartolomeo appelle son idole Luffy M'sieur Luffy
34%
Surnom donné par quelques personnages d'un certain âge à Luffy, en référence à sa filiation Fils de Dragon
25%
Surnom qu'Invankov donne à Luffy Luffy-boy
23%
Surnom que Law donne à Luffy Marchand de paille
18%
Aucun quiz correspondant
Distribution des résultats
% des personnes avec chaque résultat
Percentile par nombre de réponses
Votre historique - résultats
Vous n’avez pas pris ce quiz